<?xml version="1.0" encoding="UTF-8"?>
<record
    xmlns:xsi="http://www.w3.org/2001/XMLSchema-instance"
    xsi:schemaLocation="http://www.loc.gov/MARC21/slim http://www.loc.gov/standards/marcxml/schema/MARC21slim.xsd"
    xmlns="http://www.loc.gov/MARC21/slim">

  <leader>02076nam a2200193Ia 4500</leader>
  <controlfield tag="003">OSt</controlfield>
  <controlfield tag="005">20260110092029.0</controlfield>
  <controlfield tag="008">210210b1947   xxu||||| |||| 00| 0 eng d</controlfield>
  <datafield tag="040" ind1=" " ind2=" ">
    <subfield code="c">AL</subfield>
  </datafield>
  <datafield tag="041" ind1=" " ind2=" ">
    <subfield code="a">kan</subfield>
  </datafield>
  <datafield tag="082" ind1=" " ind2=" ">
    <subfield code="a">859/1136</subfield>
  </datafield>
  <datafield tag="100" ind1=" " ind2=" ">
    <subfield code="a">BASAVARAJA KATTIMANI</subfield>
    <subfield code="9">146315</subfield>
    <subfield code="d">&#xCAC;&#xCB8;&#xCB5;&#xCB0;&#xCBE;&#xC9C; &#xC95;&#xC9F;&#xCCD;&#xC9F;&#xCC0;&#xCAE;&#xCA8;&#xCBF;.</subfield>
  </datafield>
  <datafield tag="245" ind1=" " ind2=" ">
    <subfield code="a">August ombattu mattu itara kategalu:</subfield>
    <subfield code="b"> &#xC86;&#xC97;&#xCB8;&#xCCD;&#xC9F;&#xCCD; &#xC92;&#xC82;&#xCAC;&#xCA4;&#xCCD;&#xCA4;&#xCC1; &#xCAE;&#xCA4;&#xCCD;&#xCA4;&#xCC1; &#xC87;&#xCA4;&#xCB0; &#xC95;&#xCA5;&#xCC6;&#xC97;&#xCB3;&#xCC1;</subfield>
  </datafield>
  <datafield tag="260" ind1=" " ind2=" ">
    <subfield code="a">Bengaluru</subfield>
    <subfield code="b">Prabhat Prakashan</subfield>
    <subfield code="c">1947</subfield>
  </datafield>
  <datafield tag="520" ind1=" " ind2=" ">
    <subfield code="a">&#xCA6;&#xCC7;&#xCB6;&#xCA6; &#xCB8;&#xCCD;&#xCB5;&#xCBE;&#xCA4;&#xC82;&#xCA4;&#xCCD;&#xCAF;&#xCCD;&#xCB0;&#xC95;&#xCCD;&#xC95;&#xCBE;&#xC97;&#xCBF; &#xCA8;&#xCA1;&#xCC6;&#xCA6; &#xC86;&#xC97;&#xCB8;&#xCCD;&#xC9F;&#xCCD; &#xC95;&#xCCD;&#xCB0;&#xCBE;&#xC82;&#xCA4;&#xCBF;&#xCAF; &#xCB9;&#xCBF;&#xCA8;&#xCCD;&#xCA8;&#xCC6;&#xCB2;&#xCC6;&#xCAF;&#xCB2;&#xCCD;&#xCB2;&#xCBF; &#xCB0;&#xC9A;&#xCA8;&#xCC6;&#xCAF;&#xCBE;&#xCA6; &#xC95;&#xCBE;&#xCA6;&#xC82;&#xCAC;&#xCB0;&#xCBF; -&#x2019;&#xC86;&#xC97;&#xCB8;&#xCCD;&#xC9F;&#xCCD; &#xC92;&#xC82;&#xCAC;&#xCA4;&#xCCD;&#xCA4;&#xCC1;. &#xCAC;&#xCB8;&#xCB5;&#xCB0;&#xCBE;&#xC9C; &#xC95;&#xC9F;&#xCCD;&#xC9F;&#xCC0;&#xCAE;&#xCA8;&#xCBF; &#xCB0;&#xC9A;&#xCBF;&#xCB8;&#xCBF;&#xCA6;&#xCCD;&#xCA6;&#xCC1;, &#xC85;&#xCB5;&#xCB0;&#xCC7; &#xCB9;&#xCC7;&#xCB3;&#xCBF;&#xCA6;&#xC82;&#xCA4;&#xCC6; &#xCAE;&#xCBE;&#xCA1;&#xCBF; &#xCAE;&#xCA1;&#xCBF;&#xCA6;&#xCB5;&#xCB0; &#xCB9;&#xCC1;&#xCA4;&#xCBE;&#xCA4;&#xCCD;&#xCAE; &#xC95;&#xCA5;&#xCC6; &#xC87;&#xCA6;&#xCC1;. &#xC97;&#xCBE;&#xC82;&#xCA7;&#xCC0;&#xC9C;&#xCBF; &#xC85;&#xCB5;&#xCB0;&#xCC1; &#x2018;&#xCAE;&#xCBE;&#xCA1;&#xCC1; &#xC87;&#xCB2;&#xCCD;&#xCB2;&#xCB5;&#xCC7; &#xCAE;&#xCA1;&#xCBF; &#x2019; &#xC8E;&#xC82;&#xCA6;&#xCC1; &#xCA8;&#xCC0;&#xCA1;&#xCBF;&#xCA6; &#xCB8;&#xC82;&#xCA6;&#xCC7;&#xCB6;&#xCA6; &#xCB9;&#xCBF;&#xCA8;&#xCCD;&#xCA8;&#xCC6;&#xCB2;&#xCC6;&#xCAF;&#xCB2;&#xCCD;&#xCB2;&#xCBF; &#xCAC;&#xCB8;&#xCB5;&#xCB0;&#xCBE;&#xC9C; &#xC95;&#xC9F;&#xCCD;&#xC9F;&#xCC0;&#xCAE;&#xCA8;&#xCBF; &#xC85;&#xCB5;&#xCB0;&#xCC1; &#xCAC;&#xCB0;&#xCC6;&#xCA6; &#xCB0;&#xC95;&#xCCD;&#xCA4;&#xCA7;&#xCCD;&#xCB5;&#xC9C;, &#xCB9;&#xCC1;&#xCA4;&#xCBE;&#xCA4;&#xCCD;&#xCAE; &#xC87;&#xCA4;&#xCB0;&#xCC6; &#xC95;&#xCBE;&#xCA6;&#xC82;&#xCAC;&#xCB0;&#xCBF;&#xC97;&#xCB3;&#xC82;&#xCA4;&#xCC6; &#xC86;&#xC97;&#xCB8;&#xCCD;&#xC9F;&#xCCD; &#xC92;&#xC82;&#xCAC;&#xCA4;&#xCCD;&#xCA4;&#xCC1; &#xC95;&#xCBE;&#xCA6;&#xC82;&#xCAC;&#xCB0;&#xCBF;&#xCAF;&#xCC2; &#xC85;&#xCA6;&#xCC7; &#xC9C;&#xCBE;&#xCA1;&#xCBF;&#xCA8;&#xCB2;&#xCCD;&#xCB2;&#xCBF; &#xCB8;&#xCBE;&#xC97;&#xCC1;&#xCA4;&#xCCD;&#xCA4;&#xCA6;&#xCC6;. &#xC86;&#xCA6;&#xCB0;&#xCC6;, &#xCA6;&#xCC7;&#xCB6;&#xCA6; &#xCB5;&#xCBF;&#xCB5;&#xCBF;&#xCA7;&#xCC6;&#xCA1;&#xCC6; &#xCA8;&#xCA1;&#xCC6;&#xCA6; &#xC98;&#xC9F;&#xCA8;&#xCC6;&#xC97;&#xCB3;&#xCC1; &#xCA4;&#xCAE;&#xCCD;&#xCAE; &#xCB8;&#xCCD;&#xCB5;&#xCB0;&#xCC2;&#xCAA;&#xCA6;&#xCB2;&#xCCD;&#xCB2;&#xCBF; &#xCAC;&#xCC7;&#xCB0;&#xCC6; &#xCAC;&#xCC7;&#xCB0;&#xCC6;&#xCAF;&#xCBE;&#xC97;&#xCBF;&#xCA6;&#xCCD;&#xCA6;&#xCB0;&#xCBF;&#xC82;&#xCA6; &#xC95;&#xCA5;&#xCC6;&#xCAF;&#xCC2; &#xCA8;&#xCB5;&#xCC0;&#xCA8;&#xCA4;&#xCC6; &#xCAA;&#xCA1;&#xCC6;&#xCA6;&#xCC1;&#xC95;&#xCCA;&#xCB3;&#xCCD;&#xCB3;&#xCC1;&#xCB5;&#xCC1;&#xCA6;&#xCC1; &#xC87;&#xCB5;&#xCB0; &#xC95;&#xCBE;&#xCA6;&#xC82;&#xCAC;&#xCB0;&#xCBF; &#xCB5;&#xCC8;&#xCB6;&#xCBF;&#xCB7;&#xCCD;&#xC9F;&#xCCD;&#xCAF;. &#x2018;&#xCA8;&#xCAE;&#xCCD;&#xCAE; &#xCB5;&#xCC0;&#xCB0; &#xC9C;&#xCA8;&#xCB0;&#xCC1; &#xCA8;&#xCBF;&#xC9C;&#xC95;&#xCCD;&#xC95;&#xCC2; &#xCAE;&#xCBE;&#xCA1;&#xCBF;&#xCA6;&#xCB0;&#xCC1; &#xCAE;&#xCA4;&#xCCD;&#xCA4;&#xCC1; &#xCAE;&#xCA1;&#xCBF;&#xCA6;&#xCB0;&#xCC1;&#x2019; &#xC8E;&#xC82;&#xCAC; &#xCB8;&#xC82;&#xCA6;&#xCC7;&#xCB6;&#xCB5;&#xCC1; &#xC88; &#xC95;&#xCBE;&#xCA6;&#xC82;&#xCAC;&#xCB0;&#xCBF;&#xCAF; &#xCB5;&#xCBF;&#xCB6;&#xCC7;&#xCB7;&#xCA4;&#xCC6;&#xCAF;&#xCBE;&#xC97;&#xCBF;&#xCA6;&#xCC6;.</subfield>
  </datafield>
  <datafield tag="690" ind1=" " ind2=" ">
    <subfield code="a">Kannada Fiction</subfield>
    <subfield code="9">146316</subfield>
  </datafield>
  <datafield tag="906" ind1=" " ind2=" ">
    <subfield code="a">021881</subfield>
  </datafield>
  <datafield tag="942" ind1=" " ind2=" ">
    <subfield code="2">ddc</subfield>
    <subfield code="c">BK</subfield>
  </datafield>
  <datafield tag="999" ind1=" " ind2=" ">
    <subfield code="c">145987</subfield>
    <subfield code="d">145987</subfield>
  </datafield>
  <datafield tag="952" ind1=" " ind2=" ">
    <subfield code="0">0</subfield>
    <subfield code="1">0</subfield>
    <subfield code="2">ddc</subfield>
    <subfield code="4">0</subfield>
    <subfield code="7">0</subfield>
    <subfield code="8">KAN</subfield>
    <subfield code="a">AL</subfield>
    <subfield code="b">AL</subfield>
    <subfield code="d">2021-02-17</subfield>
    <subfield code="g">0.00</subfield>
    <subfield code="l">0</subfield>
    <subfield code="o">859/1136</subfield>
    <subfield code="p">021881</subfield>
    <subfield code="r">2021-02-17 00:00:00</subfield>
    <subfield code="u">https://ia601502.us.archive.org/27/items/in.ernet.dli.2015.364777/2015.364777.Aagasta-_text.pdf</subfield>
    <subfield code="w">2021-02-17</subfield>
    <subfield code="y">BK</subfield>
  </datafield>
</record>
